00438nam a22001337a 4500003000500000038001800005082000800023100001800031245011200049264003300161650001900194700003200213856005900245NUST aNusrat Nadeem a200 aHussain, Abid aFOMO through the Lens of Theory Interpersonal Behavior: A Study on Food Sector of Pakistan/cAbid Hussain,  aIslamabad:bNBS NUST.c2025. aMS- Marketing  aSupervisor: Dr. Saman Attiq u: http://10.250.8.41:8080/xmlui/handle/123456789/55592